Očerki razvitija fizičeskoj teorii v pervoj treti 20. veka /

Na minha lista:
Detalhes bibliográficos
Autor principal: Anseľm, Andrej Ivanovič (Author)
Formato: Livro
Idioma:russo
Publicado em: Moskva : Nauka, 1986
Edição:1.vyd.
Tags: Adicionar Tag
Sem tags, seja o primeiro a adicionar uma tag!

MARC

LEADER 00000nam a22000003a 4500
001 stu7387
005 20150617225805.7
008 950315s1986----xxr-----------------rus-d
040 |a STU  |b slo 
041 0 |a rus 
044 |a xxr 
080 |a 530.1/.09 
100 1 |a Anseľm, Andrej Ivanovič  |4 aut 
245 1 |a Očerki razvitija fizičeskoj teorii v pervoj treti 20. veka /  |c [aut.] Anseľm,A.I 
250 |a 1.vyd. 
260 |a Moskva :  |b Nauka,  |c 1986 
300 |a 244 s 
996 |b E60845  |c E*60845  |l EE10  |s P  |a 0  |w stu7387_0001